Préfectures et Sous-Préfectures en "Saint-" - Statistiques

Statistiques générales
  • Ce quiz a été pris 72 fois
    65 depuis la dernière actualisation
  • Le résultat moyen est 16 sur 26
Statistiques - réponses
Préfectures/souspréfercures % Correct
Saint-Denis (La Réunion)
98%
Saint-Denis (Seine-Saint-Denis)
98%
Saint-Étienne
91%
Saint-Pierre (La Réunion)
87%
Saint-Pierre (Martinique)
87%
Saint-Lô
84%
Saint-Paul
84%
Saint-Jean-de-Maurienne
75%
Saint-Brieuc
71%
Saint-Benoît
67%
Saint-Malo
65%
Saint-Quentin
64%
Saint-Jean-d’Angély
58%
Saint-Laurent-du-Maroni
58%
Saint-Nazaire
56%
Saint-Georges
51%
Saint-Amand-Montrond
49%
Saint-Omer
47%
Saint-Gaudens
45%
Saint-Julien-en-Genevois
44%
Saint-Dizier
42%
Saint-Flour
42%
Saint-Germain-en-Laye
40%
Saint-Dié-des-Vosges
38%
Saint-Claude
35%
Saint-Girons
33%
Aucun quiz correspondant
Distribution des résultats
% des personnes avec chaque résultat
Percentile par nombre de réponses
Votre historique - résultats
Vous n’avez pas pris ce quiz depuis la dernière actualisation